000 01618cam a22004694i 4500
003 PE-LiUPU
005 20250731173456.0
008 150616s1992 miu r 000 0 eng d
020 _a0801010039
035 _a(Sirsi) i9780801010033
040 _aPE-LiUPU
_bspa
_cPE-LiUPU
_erda
049 _aPRUA
082 0 4 _a227.1077
_bB69
_221
100 1 _aBoice, James Montgomery,
_eautor.
245 1 0 _aRomans; The Reign of Grace, Romans 5:1-8:39 /
_cJames Montgomery Boice.
264 1 _aGrand Rapids, Michigan :
_bBaker Book House,
_c1992.
300 _a1021 páginas ;
_c23 centímetros.
336 _atext
_2rdacontent
337 _aunmediated
_2rdamedia
338 _avolume
_2rdacarrier
490 0 _aAn expositional commentary. Romans
505 0 _aComentarios de Romanos 5:1-8:39 Romanos.
526 _aSEG42
526 _aSEG41
526 _aSEG40
526 _aSEG39
526 _aP94
526 _aP87
526 _aP86
526 _aP85
526 _aP77
526 _aP76
526 _aP35
630 _aBiblia.
_pN.T.
_pRomanos
_xComentarios.
910 _ajck
_bjvq
_cjck
942 _2ddc
_cBOOK
949 _a227.1077 B69
_wDEWEY
_c1
_i39968
_d2015-9-25
_e2015-9-18
_lCCODEBUL1
_mBUL
_n3
_r0
_sY
_tBOOK
_u2015-6-16
_xTEOLOGIA
_zUNKNOWN
_0COMPRA
_o.STAFF. Colección General
994 _aC0
_bPEPRU
596 _a1
999 _a227.1077 B69
_wDEWEY
_c57745
_i39968
_d57745
_e2015-9-18
_f2021-11-9
_g5
_lCCODEBUL1
_mBUL
_n3
_r0
_sY
_tBOOK
_u2015-6-16
_xTEOLOGIA
_zUNKNOWN
_0COMPRA
_o.STAFF. Colección Teología
980 _81
_gALBERTO SANCHEZ Responsable de Automatización